Longman introductory course for the TOFEL test : Preparation for the computer and paper tests

This complete multimedia TOEFL course aims to help students prepare for both the paper and computer versions of the TOEFL test. The text features language skills, practice exercises, test-taking strategies, and pre- and post-tests. The CD-ROM includes practice and test questions.

Đã lưu trong:
书目详细资料
主要作者: Phillips, Deborah
格式: 图书
语言:Undetermined
出版: Pearson Education, Inc 2001
主题:
标签: 添加标签
没有标签, 成为第一个标记此记录!
Thư viện lưu trữ: Trung tâm Học liệu Trường Đại học Cần Thơ
LEADER 00934nam a2200205Ia 4500
001 CTU_102825
008 210402s9999 xx 000 0 und d
082 |a 428.0076 
082 |b P558 
100 |a Phillips, Deborah 
245 0 |a Longman introductory course for the TOFEL test : 
245 0 |b Preparation for the computer and paper tests 
245 0 |c Deborah Phillips 
260 |b Pearson Education, Inc 
260 |c 2001 
520 |a This complete multimedia TOEFL course aims to help students prepare for both the paper and computer versions of the TOEFL test. The text features language skills, practice exercises, test-taking strategies, and pre- and post-tests. The CD-ROM includes practice and test questions. 
650 |a English language,Test of english as a foreign language 
650 |x Texbooks for foreign speakers,Study guides 
904 |i M.Loan 
980 |a Trung tâm Học liệu Trường Đại học Cần Thơ